banner-ar

IS PARIS BURNING? ADOLF HITLER: AUGUST 15,1944 / (Record no. 14158)

MARC details
000 -الفاتح
حقل البيانات ثابتة الطول 00477nam a2200169Ia 4500
008 - عناصر البيانات ثابتة الطول - معلومات عامة
حقل البيانات ثابتة الطول 140319s9999 xx 000 0 eng d
040 ## - مصدر الفهرسة
وكالة الفهرسة الأصلية GCL /
وكالة النسخ GCL
082 04 - رقم تصنيف ديوى العشرى
رقم التصنيف 944.0816
رقم المادة D I
100 1# - المدخل الرئيسى - إسم شخصى
الإسم الشخصى COLLINS, LARRY
245 10 - بيان العنوان
العنوان IS PARIS BURNING? ADOLF HITLER: AUGUST 15,1944 /
بيان المسئوليه,etc COLLINS, LARRY
700 1# - المدخل الاضافى - اسم شخصى
الإسم الشخصى LAPIERRE, DOMINIOUE
260 ## - PUBLICATION, DISTRIBUTION, ETC. (IMPRINT)
تاريخ النشر أو التوزيع 1966
300 ## - الوصف المادى
التعداد 397 P
650 04 - المدخل الاضافى بالموضوع-مصطلح موضوعى
مصطلح موضوعي FRANCE - HISTORY - 20TH CENTURY
942 ## - عناصر المدخل الإضافي( كوها)
مصدر التصنيف او مخطط الترفيف Dewey Decimal Classification
Koha [default] item type كتاب
260 ## - PUBLICATION, DISTRIBUTION, ETC. (IMPRINT)
-- [S.N] :
-- POCKET CARDINAL ،
Holdings
حالة التراجع حالة الفقد حالة تلف ليس للاعارة المكان المؤقت الموقع الحالى تاريخ الاكتساب اجمالي اﻻعارات رقم الطلب الباركود تاريخ اخر مشاهدة تاريخ تفعيل السعر نوع وعاء كوها
        مكتبة القاهرة الكبرى مكتبة القاهرة الكبرى 03/26/2014   944.0816\D I 26645 03/26/2014 03/26/2014 كتاب

Powered By

EGPV